Identification and control of sheet and film processes
Αποθηκεύτηκε σε:
| Κύριος συγγραφέας: | |
|---|---|
| Άλλοι συγγραφείς: | , |
| Μορφή: | Βιβλίο |
| Γλώσσα: | English |
| Δημοσίευση: |
London :
Springer,
c2000
|
| Σειρά: | Advances in industrial control
|
| Θέματα: | |
| Ετικέτες: |
Προσθήκη ετικέτας
Δεν υπάρχουν, Καταχωρήστε ετικέτα πρώτοι!
|
MARC
| LEADER | 00000nam a2200000 i 4500 | ||
|---|---|---|---|
| 001 | 1/15721 | ||
| 008 | 010122s2000 eng d | ||
| 020 | |a 1-85233-305-7 | ||
| 035 | |l 10065514 | ||
| 040 | |a GR-MY-UA |b gre |e aacr | ||
| 041 | 0 | |a eng | |
| 082 | 0 | |a 670.427 | |
| 100 | 1 | |a Featherstone, Andrew P. |d 1971- | |
| 245 | 1 | 0 | |a Identification and control of sheet and film processes / |c Andrew P. Featherstone, Jeremy G. VanAntwerp and Richard D. Braatz |
| 260 | |a London : |b Springer, |c c2000 | ||
| 300 | |a xiii, 170 p.; |b ill.; |c 24 cm. | ||
| 490 | 1 | |a Advances in industrial control | |
| 504 | |a Includes bibliographical references and index | ||
| 650 | 0 | 0 | |a Process control. |
| 650 | 0 | 0 | |a Extrusion process. |
| 650 | 0 | 0 | |a Plastics |x Extrusion. |
| 650 | 0 | 0 | |a Paper coatings. |
| 700 | 1 | |a VanAntwerp, Jeremy G. |d 1971- | |
| 700 | 1 | |a Braatz, Richard D. |d 1966- | |
| 830 | 0 | |a Advances in industrial control | |
| 852 | |a INST |b SYROS |e 20010122 |h 670.427 FEA |p 005500001746 |q 005500001746 |t BK |y 0 | ||
| 901 | |a BIBL5-2001-1 | ||
| 909 | |a Ε |b 084585 | ||
| 922 | |a 5ΕΛΗ |b 200012 |c ΓΡΑΦΙΚΩΝ ΤΕΧΝΩΝ |d ΜΙΧΑΛΟΠΟΥΛΟΣ | ||
| 950 | |a 183-2000-12-07 | ||
| 970 | |z 2001/02/12 | ||